Les 26 vainqueurs des dernières Champions league (2000-2025) - Statistiques

Statistiques générales
  • Ce quiz a été pris 143 fois
  • Le résultat moyen est 15 sur 26
Statistiques - réponses
Hint Réponse % Correct
2015 Barcelone
87%
2025 Paris Saint Germain
79%
2023 Manchester City
78%
2018 Real Madrid
77%
2017 Real Madrid
77%
2009 Barcelone
74%
2016 Real Madrid
74%
2024 Real Madrid
74%
2020 Bayern Munich
69%
2014 Real Madrid
68%
2011 Barcelone
67%
2004 Porto
67%
2022 Real Madrid
66%
2021 Chelsea
62%
2019 Liverpool
59%
2007 Milan AC
56%
2013 Bayern Munich
52%
2008 Manchester United
52%
2012 Chelsea
47%
2010 Inter Milan
47%
2000 Real Madrid
46%
2005 Liverpool
40%
2003 Milan AC
37%
2002 Real Madrid
37%
2006 Barcelone
34%
2001 Bayern Munich
22%
Aucun quiz correspondant
Distribution des résultats
% des personnes avec chaque résultat
Percentile par nombre de réponses
Votre historique - résultats
Vous n’avez pas pris ce quiz